Porównanie efektywności obróbki wysokociśnieniową strugą hydrościerną a strugą hydrościerną o obniżonym ciśnieniu / (Rekord nr 8811)
| 000 -ETYKIETA REKORDU | |
|---|---|
| podpole kontrolne o stałej długości | 01328naa a2200205 i 4500 |
| 001 - NUMER KONTROLNY REKORDU | |
| podpole kontrolne | 8811 |
| 003 - IDENTYFIKATOR NUMERU KONTROLNEGO REKORDU | |
| podpole kontrolne | KOSZ 005 |
| 005 - DATA OSTATNIEJ MODYFIKACJI REKORDU | |
| podpole kontrolne | 20180307104804.0 |
| 008 - POLE O STAŁEJ DŁUGOŚCI - DANE KONTROLNE | |
| podpole kontrolne o stałej długości | 141114s2001 pl | | |100 ||pol |
| 040 ## - ŹRÓDŁO KATALOGOWANIA | |
| Instytucja, która utworzyła rekord | KOSZ 005 |
| Instytucja, która dokonała modyfikacji | KOSZ 005/EG |
| 100 1# - NAZWA OSOBOWA | |
| Nazwa osobowa | CHUDY, Jerzy. |
| Lata pracy | 1996 - . |
| Instytucja | Politechnika Koszalińska - Wydział Mechaniczny, |
| Wydział | Katedra Inżynierii Mechanicznej |
| 245 10 - TYTUŁ/ODPOWIEDZIALNOŚĆ | |
| Tytuł | Porównanie efektywności obróbki wysokociśnieniową strugą hydrościerną a strugą hydrościerną o obniżonym ciśnieniu / |
| Pozostałe elementy strefy tytułu i oznaczenia odpowiedzialności | Jerzy Chudy, Andrzej Perec. |
| 500 ## - UWAGI OGÓLNE | |
| Tekst uwagi | Dane z autopsji. |
| 520 ## - UWAGA DOTYCZĄCA TREŚCI DOKUMENTU | |
| Analiza dokumentacyjna, adnotacja itp. | W pracy przedstawiono badania nad wielokryterialną optymalizacją procesu cięcia wysokociśnieniową strugą hydrościerną. Celem ich zaprezentowania jest ukazanie potencjalnych możliwości intensyfikacji procesu przy posiadanej aparaturze jak i możliwych osiągnięć w warunkach rozwojowych. |
| 650 #0 - HASŁO PRZEDMIOTOWE W FORMIE NAZWY OGÓLNEJ LUB JEDNOSTKOWEJ | |
| Nazwa ogólna lub geograficzna | Obróbka wodno-ścierna. |
| 655 #0 - TERMIN INDEKSOWY - OKREŚLENIE RODZAJU/FORMY DOKUMENTU | |
| Określnie rodzaju/formy dokumentu | Materiały konferencyjne. |
| 700 1# - HASŁO DODATKOWE - NAZWA OSOBOWA | |
| Nazwa osobowa | PEREC, Andrzej. |
| Instytucja | Politechnika Koszalińska - Wydział Mechaniczny, |
| Wydział | Katedra Inżynierii Mechanicznej |
| Lata pracy | 1996 - . |
| 773 0# - TYTUŁ DOKUMENTU MACIERZYSTEGO | |
| Wyrażenie wprowadzające | W : |
| Tytuł | Kształtowanie materiałów niemetalowych : zbiór prac VI Konferencji Naukowo-Technicznej, Zakopane, 2001 / pod red. Kazimierza E. Oczosia. - |
| Adres wydawniczy | Rzeszów : Oficyna Wydaw. PRz, 2001. - |
| Informacje dotyczące relacji | s. 167-174 |
| 942 ## - HASŁO DODATKOWE - ELEMENTY(KOHA) | |
| Typ dokumentu | Rozdział |
| Schemat klasyfikacji | Uniwersalna klasyfikacja dziesiętna |
Brak dostępnych egzemplarzy.
